[Event "U12 Polish Youth Championship"]
[Site "chess24.com"]
[Date "2018.04.30"]
[Round "3"]
[White "Krahel, Karol"]
[Black "Bancarewicz, Aleks"]
[Result "1-0"]
[Board "12"]
[WhiteElo "1427"]
[WhiteCountry "POL"]
[WhiteFideId "21853517"]
[WhiteEloChange "17"]
[BlackElo "1708"]
[BlackCountry "POL"]
[BlackFideId "21838550"]
[BlackEloChange "-17"]

1. e4 {[%clk 1:30:59]} e6 {[%clk 1:30:41]} 2. d4 {[%clk 1:31:17]} d5 {[%clk
1:31:08]} 3. Nd2 {[%clk 1:30:24]} c5 {[%clk 1:30:40]} 4. c3 {[%clk 1:30:43]} cxd4
{[%clk 1:29:15]} 5. cxd4 {[%clk 1:30:41]} Nc6 {[%clk 1:28:54]} 6. Ngf3 {[%clk
1:30:01]} Nf6 {[%clk 1:27:30]} 7. e5 {[%clk 1:25:40]} Ne4 {[%clk 1:22:48]} 8. Bd3
{[%clk 1:23:27]} Nxd2 {[%clk 1:22:02]} 9. Bxd2 {[%clk 1:22:35]} Qb6 {[%clk
1:20:18]} 10. Bc3 {[%clk 1:16:35]} Be7 {[%clk 1:18:46]} 11. O-O {[%clk 1:15:00]}
Bd7 {[%clk 1:17:57]} 12. Qe2 {[%clk 1:12:38]} O-O {[%clk 1:17:03]} 13. a3 {[%clk
1:09:35]} Na5 {[%clk 1:13:16]} 14. Nd2 {[%clk 1:05:40]} Rac8 {[%clk 1:08:50]} 15.
f4 {[%clk 1:02:51]} f5 {[%clk 0:59:19]} 16. Rf3 {[%clk 0:49:42]} Nb3 {[%clk
0:38:46]} 17. Nxb3 {[%clk 0:47:33]} Qxb3 {[%clk 0:38:52]} 18. Raf1 {[%clk
0:34:43]} Qb6 {[%clk 0:13:12]} 19. Rh3 {[%clk 0:16:56]} g6 {[%clk 0:11:35]} 20.
Rff3 {[%clk 0:07:45]} Rf7 {[%clk 0:08:28]} 21. Rfg3 {[%clk 0:05:59]} Rg7 {[%clk
0:08:43]} 22. Rh6 {[%clk 0:04:26]} Be8 {[%clk 0:04:44]} 23. h4 {[%clk 0:02:14]}
Bxa3 {[%clk 0:01:52]} 24. h5 {[%clk 0:01:25]} gxh5 {[%clk 0:00:46]} 25. Rxg7+
{[%clk 0:00:41]} Kxg7 {[%clk 0:01:15]} 26. Rf6 {[%clk 0:00:53]} Be7 {[%clk
0:01:00]} 27. Bxf5 {[%clk 0:00:34]} Bxf6 {[%clk 0:00:47]} 28. exf6+ {[%clk
0:00:58]} Kxf6 {[%clk 0:00:44]} 29. Qe5+ {[%clk 0:00:45]} Kf7 {[%clk 0:00:40]}
30. Bxh7 {[%clk 0:00:34]} Ke7 {[%clk 0:00:52]} 31. Bf5 {[%clk 0:00:32]} Bf7
{[%clk 0:00:39]} 32. Be1 {[%clk 0:00:33]} Rc1 {[%clk 0:00:46]} 33. Kh2 {[%clk
0:00:36]} Rxe1 {[%clk 0:00:36]} 34. Qxe1 {[%clk 0:00:57]} Qxd4 {[%clk 0:01:03]}
35. Qh4+ {[%clk 0:01:05]} Kd7 {[%clk 0:01:20]} 36. Bh3 {[%clk 0:00:41]} Kc7
{[%clk 0:00:54]} 37. Qe7+ {[%clk 0:00:50]} Kc6 {[%clk 0:01:16]} 38. Qxf7 {[%clk
0:01:07]} b5 {[%clk 0:00:40]} 39. Qxe6+ {[%clk 0:01:18]} Kc5 {[%clk 0:01:05]} 40.
Qe7+ {[%clk 0:00:45]} Kc4 {[%clk 0:01:21]} 41. Qe2+ {[%clk 0:00:32]} Kb4 {[%clk
0:01:20]} 42. f5 {[%clk 0:00:34]} Qf4+ {[%clk 0:01:18]} 43. g3 {[%clk 0:00:55]}
Qg5 {[%clk 0:01:21]} 44. Qe1+ {[%clk 0:00:59]} Kc5 {[%clk 0:01:22]} 45. Qf2+
{[%clk 0:01:10]} d4 {[%clk 0:00:41]} 46. f6 {[%clk 0:01:19]} Qh6 {[%clk 0:00:34]}
47. f7 {[%clk 0:01:20]} Qf8 {[%clk 0:00:59]} 48. Qf6 {[%clk 0:00:41]} d3 {[%clk
0:00:35]} 49. Qe5+ {[%clk 0:00:47]} Kb6 {[%clk 0:00:42]} 50. Qe8 {[%clk 0:00:37]}
d2 {[%clk 0:00:34]} 51. Qxf8 {[%clk 0:00:43]} d1Q {[%clk 0:00:54]} 52. Qh6+
{[%clk 0:00:45]} Ka5 {[%clk 0:01:11]} 53. f8Q {[%clk 0:00:40]} Qe2+ {[%clk
0:01:36]} 54. Bg2 {[%clk 0:00:42]} Qxb2 {[%clk 0:01:52]} 55. Qd8+ {[%clk
0:00:43]} Ka4 {[%clk 0:02:12]} 56. Qf4+ {[%clk 0:00:46]} b4 {[%clk 0:02:24]} 57.
Qd1+ {[%clk 0:00:43]} Ka3 {[%clk 0:02:28]} 58. Qe3+ {[%clk 0:00:32]} b3 {[%clk
0:02:32]} 59. Qxa7+ {[%clk 0:00:51]} Kb4 {[%clk 0:02:57]} 60. Qe1+ {[%clk
0:00:38]} Kc4 {[%clk 0:03:09]} 61. Qe4+ {[%clk 0:00:44]} Kc3 {[%clk 0:03:23]} 62.
Qg7+ {[%clk 0:00:54]} Kd2 {[%clk 0:03:44]} 63. Qxb2+ {[%clk 0:01:10]} 1-0

[Event "U12 Polish Youth Championship"]
[Site "chess24.com"]
[Date "2018.04.30"]
[Round "3"]
[White "Bogusz, Alan"]
[Black "Wiatrowski, Zbigniew"]
[Result "1/2-1/2"]
[Board "13"]
[WhiteElo "1683"]
[WhiteCountry "POL"]
[WhiteFideId "21810060"]
[WhiteEloChange "-6"]
[BlackElo "1427"]
[BlackCountry "POL"]
[BlackFideId "21880816"]
[BlackEloChange "6"]

1. d4 {[%clk 1:30:53]} Nf6 {[%clk 1:30:50]} 2. c4 {[%clk 1:31:20]} e6 {[%clk
1:31:14]} 3. g3 {[%clk 1:31:40]} c5 {[%clk 1:31:35]} 4. e3 {[%clk 1:30:58]} Qc7
{[%clk 1:30:26]} 5. Nf3 {[%clk 1:30:41]} b6 {[%clk 1:27:43]} 6. b3 {[%clk
1:30:25]} Bb7 {[%clk 1:27:21]} 7. Bg2 {[%clk 1:29:15]} Be7 {[%clk 1:26:31]} 8.
O-O {[%clk 1:29:08]} O-O {[%clk 1:26:00]} 9. Nc3 {[%clk 1:28:53]} d5 {[%clk
1:24:37]} 10. cxd5 {[%clk 1:25:53]} Nxd5 {[%clk 1:23:24]} 11. Nxd5 {[%clk
1:26:00]} Bxd5 {[%clk 1:23:22]} 12. Bb2 {[%clk 1:25:53]} Nd7 {[%clk 1:21:08]} 13.
Rc1 {[%clk 1:25:42]} Qb7 {[%clk 1:20:07]} 14. Qe2 {[%clk 1:24:58]} Bf6 {[%clk
1:16:14]} 15. Rfd1 {[%clk 1:22:41]} Rfd8 {[%clk 1:15:02]} 16. Ne1 {[%clk
1:17:45]} Bxg2 {[%clk 1:11:38]} 17. Nxg2 {[%clk 1:17:58]} cxd4 {[%clk 1:09:24]}
18. Bxd4 {[%clk 1:16:50]} Bxd4 {[%clk 1:08:45]} 19. Rxd4 {[%clk 1:17:07]} Ne5
{[%clk 1:08:24]} 20. Rxd8+ {[%clk 1:16:25]} Rxd8 {[%clk 1:06:40]} 21. Ne1 {[%clk
1:16:05]} h6 {[%clk 1:04:56]} 22. f4 {[%clk 1:16:02]} Nd7 {[%clk 1:01:19]} 23.
Rd1 {[%clk 1:14:43]} Rc8 {[%clk 1:00:14]} 24. Nf3 {[%clk 1:14:40]} Nf6 {[%clk
0:58:41]} 25. Ne5 {[%clk 1:14:47]} Qe4 {[%clk 0:57:29]} 26. Nc4 {[%clk 1:10:33]}
Rc7 {[%clk 0:51:53]} 27. Rd4 {[%clk 1:10:22]} Qb1+ {[%clk 0:50:22]} 28. Rd1
{[%clk 1:09:56]} Qf5 {[%clk 0:44:12]} 29. a4 {[%clk 1:07:10]} Qe4 {[%clk
0:42:36]} 30. h3 {[%clk 1:06:03]} Nd5 {[%clk 0:34:56]} 31. Kf2 {[%clk 1:05:05]}
Kh7 {[%clk 0:28:29]} 32. Qd3 {[%clk 1:04:55]} Qxd3 {[%clk 0:28:12]} 33. Rxd3
{[%clk 1:05:20]} Nf6 {[%clk 0:27:10]} 34. Kf3 {[%clk 1:05:17]} Nd7 {[%clk
0:23:20]} 35. b4 {[%clk 1:03:51]} Rxc4 {[%clk 0:22:21]} 36. Rxd7 {[%clk 1:04:05]}
Kg6 {[%clk 0:22:28]} 37. Rxa7 {[%clk 1:03:59]} Rxb4 {[%clk 0:22:47]} 38. g4
{[%clk 1:04:02]} f6 {[%clk 0:22:16]} 39. Rb7 {[%clk 1:04:04]} Rxa4 {[%clk
0:21:57]} 40. Rxb6 {[%clk 1:04:24]} Kf7 {[%clk 0:21:47]} 41. h4 {[%clk 1:04:09]}
Ra5 {[%clk 0:21:21]} 42. Rb7+ {[%clk 1:04:19]} Kf8 {[%clk 0:21:11]} 43. Rb3
{[%clk 1:03:35]} Kf7 {[%clk 0:21:12]} 44. e4 {[%clk 1:03:52]} e5 {[%clk 0:20:38]}
45. Rb7+ {[%clk 1:03:27]} Kg8 {[%clk 0:20:42]} 46. fxe5 {[%clk 1:02:41]} Rxe5
{[%clk 0:21:04]} 47. h5 {[%clk 1:02:52]} Kf8 {[%clk 0:20:36]} 48. Kf4 {[%clk
1:03:04]} Re7 {[%clk 0:19:39]} 49. Rxe7 {[%clk 1:03:17]} Kxe7 {[%clk 0:20:01]}
50. Kf5 {[%clk 1:03:43]} Kf7 {[%clk 0:20:13]} 51. e5 {[%clk 1:04:01]} fxe5 {[%clk
0:20:25]} 52. Kxe5 {[%clk 1:04:26]} Ke7 {[%clk 0:20:44]} 53. Kf5 {[%clk 1:04:49]}
Kf7 {[%clk 0:20:51]} 54. Ke5 {[%clk 1:05:04]} Ke7 {[%clk 0:21:08]} 55. Kf5 {[%clk
1:05:18]} Kf7 {[%clk 0:21:26]} 56. Ke4 {[%clk 1:05:20]} 1/2-1/2

[Event "U12 Polish Youth Championship"]
[Site "chess24.com"]
[Date "2018.04.30"]
[Round "3"]
[White "Trzebinski, Patryk"]
[Black "Trochimczuk, Szymon"]
[Result "1-0"]
[Board "14"]
[WhiteElo "1628"]
[WhiteCountry "POL"]
[WhiteFideId "21839034"]
[WhiteEloChange "2"]
[BlackElo "1251"]
[BlackCountry "POL"]
[BlackFideId "21881260"]
[BlackEloChange "-2"]

1. e4 {[%clk 1:30:53]} c5 {[%clk 1:30:55]} 2. Nf3 {[%clk 1:31:18]} Nc6 {[%clk
1:31:19]} 3. d4 {[%clk 1:31:43]} cxd4 {[%clk 1:31:42]} 4. Nxd4 {[%clk 1:32:00]}
e5 {[%clk 1:32:04]} 5. Nb5 {[%clk 1:32:23]} d6 {[%clk 1:32:18]} 6. c4 {[%clk
1:32:43]} Nf6 {[%clk 1:32:03]} 7. N1c3 {[%clk 1:32:55]} Be7 {[%clk 1:32:54]} 8.
Bg5 {[%clk 1:32:42]} O-O {[%clk 1:33:00]} 9. Bxf6 {[%clk 1:32:40]} Bxf6 {[%clk
1:32:56]} 10. Qxd6 {[%clk 1:30:53]} Qxd6 {[%clk 1:29:05]} 11. Nxd6 {[%clk
1:31:08]} a6 {[%clk 1:29:24]} 12. O-O-O {[%clk 1:30:21]} Rd8 {[%clk 1:28:20]} 13.
c5 {[%clk 1:26:32]} Be7 {[%clk 1:26:07]} 14. Bc4 {[%clk 1:25:17]} Bxd6 {[%clk
1:17:54]} 15. cxd6 {[%clk 1:22:13]} Nd4 {[%clk 1:10:51]} 16. f4 {[%clk 1:21:32]}
Bg4 {[%clk 1:00:54]} 17. Rd2 {[%clk 1:19:39]} Rxd6 {[%clk 0:59:19]} 18. fxe5
{[%clk 1:19:46]} Rd7 {[%clk 0:50:36]} 19. h3 {[%clk 1:15:15]} Be6 {[%clk
0:49:43]} 20. Bxe6 {[%clk 1:15:21]} fxe6 {[%clk 0:49:05]} 21. Rhd1 {[%clk
1:15:25]} Rad8 {[%clk 0:47:40]} 22. Kb1 {[%clk 1:15:24]} Kf7 {[%clk 0:39:10]} 23.
Ne2 {[%clk 1:15:13]} Rc8 {[%clk 0:35:18]} 24. Rxd4 {[%clk 1:15:07]} Rdc7 {[%clk
0:33:07]} 25. Rd7+ {[%clk 1:14:52]} Kg6 {[%clk 0:33:09]} 26. Rxc7 {[%clk
1:14:43]} Rxc7 {[%clk 0:33:19]} 27. Nf4+ {[%clk 1:14:44]} Kf7 {[%clk 0:33:22]}
28. Rd6 {[%clk 1:13:35]} Re7 {[%clk 0:33:39]} 29. h4 {[%clk 1:13:20]} h6 {[%clk
0:33:16]} 30. h5 {[%clk 1:13:44]} a5 {[%clk 0:33:19]} 31. Kc2 {[%clk 1:14:04]}
Rc7+ {[%clk 0:31:56]} 32. Kb3 {[%clk 1:14:06]} b5 {[%clk 0:31:09]} 33. Ng6 {[%clk
1:12:40]} a4+ {[%clk 0:29:57]} 34. Kb4 {[%clk 1:12:54]} Rc2 {[%clk 0:30:00]} 35.
Rd7+ {[%clk 1:13:17]} Kg8 {[%clk 0:28:16]} 36. Rd8+ {[%clk 1:13:40]} Kf7 {[%clk
0:27:58]} 37. Rf8# {[%clk 1:13:59]} 1-0

[Event "U12 Polish Youth Championship"]
[Site "chess24.com"]
[Date "2018.04.30"]
[Round "3"]
[White "Czernecki, Andrzej"]
[Black "Madajczak, Piotr"]
[Result "1/2-1/2"]
[Board "15"]
[WhiteElo "1418"]
[WhiteCountry "POL"]
[WhiteFideId "21810117"]
[WhiteEloChange "5"]
[BlackElo "1618"]
[BlackCountry "POL"]
[BlackFideId "21835934"]
[BlackEloChange "-5"]

1. e4 {[%clk 1:30:50]} c5 {[%clk 1:30:50]} 2. Nf3 {[%clk 1:31:10]} Nc6 {[%clk
1:31:16]} 3. d4 {[%clk 1:31:21]} cxd4 {[%clk 1:31:39]} 4. Nxd4 {[%clk 1:31:38]}
g6 {[%clk 1:32:01]} 5. c4 {[%clk 1:30:44]} Bg7 {[%clk 1:32:20]} 6. Be3 {[%clk
1:30:37]} Nf6 {[%clk 1:32:41]} 7. Nc3 {[%clk 1:30:03]} O-O {[%clk 1:33:03]} 8.
Be2 {[%clk 1:29:49]} d6 {[%clk 1:33:25]} 9. O-O {[%clk 1:28:32]} Bd7 {[%clk
1:33:48]} 10. Nb3 {[%clk 1:28:04]} Rc8 {[%clk 1:31:36]} 11. c5 {[%clk 1:26:36]}
dxc5 {[%clk 1:27:45]} 12. Nxc5 {[%clk 1:24:52]} b6 {[%clk 1:26:32]} 13. Nxd7
{[%clk 1:22:38]} Qxd7 {[%clk 1:26:53]} 14. Qxd7 {[%clk 1:22:23]} Nxd7 {[%clk
1:27:14]} 15. Rfd1 {[%clk 1:21:02]} Nf6 {[%clk 1:26:56]} 16. Rac1 {[%clk
1:19:46]} e6 {[%clk 1:09:39]} 17. Ba6 {[%clk 1:17:16]} Rcd8 {[%clk 1:06:00]} 18.
Bb5 {[%clk 1:15:53]} Ne7 {[%clk 1:04:42]} 19. f3 {[%clk 1:15:08]} h5 {[%clk
0:58:43]} 20. Bg5 {[%clk 1:13:40]} Kh7 {[%clk 0:57:07]} 21. Rxd8 {[%clk 1:12:04]}
Rxd8 {[%clk 0:57:31]} 22. e5 {[%clk 1:11:34]} Nfg8 {[%clk 0:57:51]} 23. f4 {[%clk
1:10:05]} Bh6 {[%clk 0:55:35]} 24. Bxh6 {[%clk 0:58:53]} Nxh6 {[%clk 0:55:54]}
25. g3 {[%clk 0:56:11]} Nhf5 {[%clk 0:55:45]} 26. Ne4 {[%clk 0:56:24]} Nd5 {[%clk
0:55:43]} 27. Nf6+ {[%clk 0:49:54]} Nxf6 {[%clk 0:55:56]} 28. exf6 {[%clk
0:50:17]} Nd4 {[%clk 0:55:28]} 29. Bf1 {[%clk 0:47:41]} Rd7 {[%clk 0:52:35]} 30.
Kf2 {[%clk 0:44:10]} Nf5 {[%clk 0:50:14]} 31. Ke1 {[%clk 0:43:46]} Nd4 {[%clk
0:47:39]} 32. Kf2 {[%clk 0:43:50]} Nf5 {[%clk 0:47:53]} 33. Ke1 {[%clk 0:44:13]}
Nd4 {[%clk 0:48:18]} 34. Kf2 {[%clk 0:44:37]} 1/2-1/2

[Event "U12 Polish Youth Championship"]
[Site "chess24.com"]
[Date "2018.04.30"]
[Round "3"]
[White "Krupinski, Mikolaj"]
[Black "Pancewicz, Szymon"]
[Result "1/2-1/2"]
[Board "16"]
[WhiteElo "1547"]
[WhiteCountry "POL"]
[WhiteFideId "21835918"]
[WhiteEloChange "-5"]
[BlackElo "1337"]
[BlackCountry "POL"]
[BlackFideId "21852995"]
[BlackEloChange "5"]

1. e4 {[%clk 1:30:30]} c5 {[%clk 1:30:54]} 2. Nc3 {[%clk 1:30:33]} e6 {[%clk
1:31:14]} 3. g3 {[%clk 1:30:27]} d5 {[%clk 1:31:32]} 4. Bg2 {[%clk 1:30:15]} Nf6
{[%clk 1:31:31]} 5. d3 {[%clk 1:27:54]} dxe4 {[%clk 1:26:12]} 6. dxe4 {[%clk
1:28:08]} Qxd1+ {[%clk 1:26:21]} 7. Kxd1 {[%clk 1:28:06]} e5 {[%clk 1:19:15]} 8.
f4 {[%clk 1:26:10]} Nc6 {[%clk 1:16:20]} 9. Nf3 {[%clk 1:23:50]} Bg4 {[%clk
1:14:48]} 10. h3 {[%clk 1:23:53]} Bxf3+ {[%clk 1:14:31]} 11. Bxf3 {[%clk
1:23:53]} O-O-O+ {[%clk 1:12:02]} 12. Bd2 {[%clk 1:22:22]} Bd6 {[%clk 1:08:40]}
13. Ne2 {[%clk 1:19:07]} Rhe8 {[%clk 1:03:33]} 14. f5 {[%clk 1:18:55]} Nd4 {[%clk
1:01:09]} 15. Bg2 {[%clk 1:17:39]} Nh5 {[%clk 0:55:53]} 16. Be1 {[%clk 1:17:00]}
c4 {[%clk 0:51:35]} 17. c3 {[%clk 1:17:04]} Nxe2 {[%clk 0:49:56]} 18. Kxe2 {[%clk
1:17:29]} Bc5 {[%clk 0:50:04]} 19. Bf3 {[%clk 1:14:39]} Nf6 {[%clk 0:49:04]} 20.
Bd2 {[%clk 1:13:11]} Rd3 {[%clk 0:46:05]} 21. Rad1 {[%clk 1:06:23]} Red8 {[%clk
0:43:04]} 22. Bg5 {[%clk 0:58:45]} Be7 {[%clk 0:37:05]} 23. Be3 {[%clk 0:51:00]}
b6 {[%clk 0:31:05]} 24. g4 {[%clk 0:41:35]} Ne8 {[%clk 0:26:31]} 25. g5 {[%clk
0:33:36]} Rxe3+ {[%clk 0:25:33]} 26. Kxe3 {[%clk 0:33:58]} Bxg5+ {[%clk 0:25:50]}
27. Ke2 {[%clk 0:33:58]} Nf6 {[%clk 0:24:37]} 28. Rxd8+ {[%clk 0:31:54]} Kxd8
{[%clk 0:25:02]} 29. h4 {[%clk 0:31:35]} Bh6 {[%clk 0:25:16]} 30. h5 {[%clk
0:31:22]} Kc7 {[%clk 0:25:08]} 31. b3 {[%clk 0:24:36]} Nd7 {[%clk 0:22:11]} 32.
bxc4 {[%clk 0:20:22]} Nc5 {[%clk 0:21:14]} 33. Rh2 {[%clk 0:14:33]} Bg5 {[%clk
0:19:06]} 34. Rg2 {[%clk 0:11:48]} h6 {[%clk 0:17:35]} 35. Rh2 {[%clk 0:10:24]}
1/2-1/2

[Event "U12 Polish Youth Championship"]
[Site "chess24.com"]
[Date "2018.04.30"]
[Round "3"]
[White "Wawrzyniak, Karol"]
[Black "Nowicki, Filip"]
[Result "0-1"]
[Board "17"]
[WhiteElo "1224"]
[WhiteCountry "POL"]
[WhiteFideId "21817588"]
[WhiteEloChange "-3"]
[BlackElo "1511"]
[BlackCountry "POL"]
[BlackFideId "21835993"]
[BlackEloChange "3"]

1. e4 {[%clk 1:30:57]} c5 {[%clk 1:30:55]} 2. Nf3 {[%clk 1:31:20]} e6 {[%clk
1:31:07]} 3. d4 {[%clk 1:31:42]} cxd4 {[%clk 1:31:29]} 4. Nxd4 {[%clk 1:32:06]}
Nf6 {[%clk 1:31:28]} 5. Bd3 {[%clk 1:32:23]} Nc6 {[%clk 1:31:38]} 6. Nxc6 {[%clk
1:31:54]} bxc6 {[%clk 1:32:00]} 7. Qe2 {[%clk 1:31:23]} d5 {[%clk 1:31:17]} 8. e5
{[%clk 1:28:44]} Nd7 {[%clk 1:30:55]} 9. O-O {[%clk 1:26:40]} Be7 {[%clk
1:28:21]} 10. f4 {[%clk 1:22:45]} g6 {[%clk 1:24:27]} 11. Kh1 {[%clk 1:20:29]}
Nc5 {[%clk 1:20:31]} 12. Nd2 {[%clk 1:16:36]} a5 {[%clk 1:16:33]} 13. Nf3 {[%clk
1:11:47]} Nxd3 {[%clk 1:13:37]} 14. cxd3 {[%clk 1:11:40]} c5 {[%clk 1:13:39]} 15.
Bd2 {[%clk 1:07:31]} O-O {[%clk 1:08:43]} 16. Rac1 {[%clk 1:01:01]} Ba6 {[%clk
1:07:26]} 17. b3 {[%clk 0:59:41]} Qb6 {[%clk 1:05:03]} 18. Ng5 {[%clk 0:57:37]}
h6 {[%clk 0:51:18]} 19. Nh3 {[%clk 0:57:18]} Rac8 {[%clk 0:50:56]} 20. Rf3 {[%clk
0:56:13]} Qb5 {[%clk 0:47:57]} 21. Nf2 {[%clk 0:51:54]} c4 {[%clk 0:42:55]} 22.
dxc4 {[%clk 0:48:41]} dxc4 {[%clk 0:43:08]} 23. bxc4 {[%clk 0:48:45]} Rxc4 {[%clk
0:43:31]} 24. Qxc4 {[%clk 0:48:50]} Qxc4 {[%clk 0:43:39]} 25. Rxc4 {[%clk
0:49:05]} Bxc4 {[%clk 0:44:02]} 26. Bxa5 {[%clk 0:48:00]} Ra8 {[%clk 0:43:21]}
27. Bb6 {[%clk 0:46:59]} Rxa2 {[%clk 0:43:24]} 28. h3 {[%clk 0:46:50]} Bd5 {[%clk
0:41:09]} 29. Rc3 {[%clk 0:44:13]} Bh4 {[%clk 0:40:47]} 30. Kg1 {[%clk 0:43:51]}
Be7 {[%clk 0:32:53]} 31. Rc8+ {[%clk 0:40:50]} Kg7 {[%clk 0:32:48]} 32. Bd8
{[%clk 0:37:44]} Bxd8 {[%clk 0:30:29]} 33. Rxd8 {[%clk 0:38:01]} Ra4 {[%clk
0:30:23]} 34. Nd3 {[%clk 0:35:53]} Rd4 {[%clk 0:30:18]} 35. Nc5 {[%clk 0:35:18]}
Rd1+ {[%clk 0:25:59]} 36. Kh2 {[%clk 0:31:11]} Rd4 {[%clk 0:12:49]} 37. Kg3
{[%clk 0:28:27]} Rd2 {[%clk 0:11:01]} 38. h4 {[%clk 0:26:10]} Rxg2+ {[%clk
0:09:52]} 39. Kh3 {[%clk 0:26:29]} Rf2 {[%clk 0:08:15]} 40. Nd7 {[%clk 0:25:07]}
Rxf4 {[%clk 0:05:38]} 41. Nf6 {[%clk 0:23:31]} Rf3+ {[%clk 0:05:37]} 42. Kh2
{[%clk 0:23:26]} Rxf6 {[%clk 0:05:57]} 43. exf6+ {[%clk 0:23:31]} Kxf6 {[%clk
0:06:22]} 44. Rb8 {[%clk 0:22:03]} Kf5 {[%clk 0:05:17]} 45. Rb4 {[%clk 0:21:52]}
e5 {[%clk 0:05:06]} 46. Kg3 {[%clk 0:22:02]} e4 {[%clk 0:04:49]} 47. Ra4 {[%clk
0:21:09]} Ke5 {[%clk 0:04:48]} 48. Rb4 {[%clk 0:21:05]} e3 {[%clk 0:04:17]} 49.
Ra4 {[%clk 0:20:57]} f5 {[%clk 0:04:32]} 50. Rb4 {[%clk 0:19:28]} f4+ {[%clk
0:04:21]} 51. Rxf4 {[%clk 0:19:27]} e2 {[%clk 0:04:22]} 52. Rf8 {[%clk 0:19:25]}
e1Q+ {[%clk 0:04:18]} 0-1

[Event "U12 Polish Youth Championship"]
[Site "chess24.com"]
[Date "2018.04.30"]
[Round "3"]
[White "Grzadka, Artur"]
[Black "Ciszewski, Krzysztof"]
[Result "1/2-1/2"]
[Board "18"]
[WhiteElo "1269"]
[WhiteCountry "POL"]
[WhiteFideId "21836736"]
[WhiteEloChange "8"]
[BlackElo "1646"]
[BlackCountry "POL"]
[BlackFideId "21853509"]
[BlackEloChange "-8"]

1. d4 {[%clk 1:30:56]} Nf6 {[%clk 1:30:53]} 2. Nf3 {[%clk 1:31:21]} c5 {[%clk
1:31:01]} 3. c3 {[%clk 1:31:35]} d5 {[%clk 1:29:15]} 4. Bg5 {[%clk 1:30:17]} e6
{[%clk 1:25:28]} 5. e3 {[%clk 1:30:28]} Be7 {[%clk 1:24:14]} 6. Nbd2 {[%clk
1:30:22]} O-O {[%clk 1:19:12]} 7. Bd3 {[%clk 1:30:17]} Nbd7 {[%clk 1:17:58]} 8.
O-O {[%clk 1:30:11]} b6 {[%clk 1:16:48]} 9. e4 {[%clk 1:27:14]} dxe4 {[%clk
1:13:18]} 10. Nxe4 {[%clk 1:26:10]} Bb7 {[%clk 1:07:23]} 11. Bxf6 {[%clk
1:21:48]} Nxf6 {[%clk 1:07:13]} 12. Nxf6+ {[%clk 1:19:58]} Bxf6 {[%clk 1:07:36]}
13. dxc5 {[%clk 1:20:03]} bxc5 {[%clk 1:07:29]} 14. Qe2 {[%clk 1:18:42]} Qc7
{[%clk 1:03:54]} 15. Rfd1 {[%clk 1:11:19]} Rfe8 {[%clk 0:56:35]} 16. Bc2 {[%clk
0:57:59]} Rad8 {[%clk 0:53:27]} 17. Ba4 {[%clk 0:51:05]} Rf8 {[%clk 0:45:56]} 18.
Bc2 {[%clk 0:49:28]} Rfe8 {[%clk 0:42:20]} 19. Ba4 {[%clk 0:49:20]} Rf8 {[%clk
0:42:41]} 20. Bc2 {[%clk 0:49:30]} Bc6 {[%clk 0:38:58]} 21. Rxd8 {[%clk 0:43:06]}
Rxd8 {[%clk 0:39:16]} 22. Rd1 {[%clk 0:43:17]} h6 {[%clk 0:35:52]} 23. Rxd8+
{[%clk 0:43:03]} Qxd8 {[%clk 0:35:53]} 24. Ne5 {[%clk 0:42:55]} Bxe5 {[%clk
0:22:55]} 25. Qxe5 {[%clk 0:43:05]} Qb6 {[%clk 0:23:11]} 26. Qe2 {[%clk 0:42:09]}
Kh8 {[%clk 0:20:42]} 27. Qd3 {[%clk 0:40:34]} g6 {[%clk 0:20:30]} 28. b3 {[%clk
0:39:28]} Kg7 {[%clk 0:19:16]} 29. Qg3 {[%clk 0:37:40]} Bd5 {[%clk 0:14:52]} 30.
c4 {[%clk 0:37:08]} Bc6 {[%clk 0:14:27]} 31. Qe5+ {[%clk 0:36:22]} 1/2-1/2

[Event "U12 Polish Youth Championship"]
[Site "chess24.com"]
[Date "2018.04.30"]
[Round "3"]
[White "Wilk, Igor"]
[Black "Owczarzak, Maciej"]
[Result "1-0"]
[Board "19"]
[WhiteElo "1558"]
[WhiteCountry "POL"]
[WhiteFideId "21831580"]
[WhiteEloChange "6"]
[BlackElo "1402"]
[BlackCountry "POL"]
[BlackFideId "21861048"]
[BlackEloChange "-6"]

1. e4 {[%clk 1:30:49]} c5 {[%clk 1:30:56]} 2. Nf3 {[%clk 1:30:57]} Nc6 {[%clk
1:31:20]} 3. d4 {[%clk 1:31:08]} cxd4 {[%clk 1:31:42]} 4. Nxd4 {[%clk 1:31:14]}
Nf6 {[%clk 1:32:04]} 5. Nc3 {[%clk 1:31:05]} e5 {[%clk 1:32:28]} 6. Nf5 {[%clk
1:30:07]} d5 {[%clk 1:32:13]} 7. exd5 {[%clk 1:30:13]} Bxf5 {[%clk 1:32:27]} 8.
dxc6 {[%clk 1:30:30]} Qxd1+ {[%clk 1:31:41]} 9. Nxd1 {[%clk 1:30:41]} bxc6 {[%clk
1:32:05]} 10. Ne3 {[%clk 1:30:31]} Bg6 {[%clk 1:30:49]} 11. Nc4 {[%clk 1:24:01]}
Nd7 {[%clk 1:27:28]} 12. c3 {[%clk 1:22:58]} Bc5 {[%clk 1:25:57]} 13. Be3 {[%clk
1:19:55]} Bb6 {[%clk 1:23:19]} 14. O-O-O {[%clk 1:18:18]} Rd8 {[%clk 1:21:49]}
15. Bxb6 {[%clk 1:15:59]} axb6 {[%clk 1:21:11]} 16. Bd3 {[%clk 1:08:55]} O-O
{[%clk 1:17:28]} 17. Bxg6 {[%clk 1:05:44]} hxg6 {[%clk 1:17:47]} 18. Rd6 {[%clk
1:04:56]} b5 {[%clk 1:14:06]} 19. Rhd1 {[%clk 0:58:47]} bxc4 {[%clk 1:11:28]} 20.
Rxd7 {[%clk 0:57:46]} Rxd7 {[%clk 1:09:59]} 21. Rxd7 {[%clk 0:58:07]} Rc8 {[%clk
1:05:07]} 22. Ra7 {[%clk 0:57:36]} f5 {[%clk 1:03:54]} 23. Ra4 {[%clk 0:57:28]}
Kf7 {[%clk 1:02:26]} 24. Rxc4 {[%clk 0:57:06]} e4 {[%clk 1:00:04]} 25. b4 {[%clk
0:56:46]} Ra8 {[%clk 1:00:17]} 26. Kb2 {[%clk 0:56:58]} Ra6 {[%clk 1:00:06]} 27.
Kb3 {[%clk 0:56:19]} Ke6 {[%clk 0:58:28]} 28. Rd4 {[%clk 0:54:25]} Ke5 {[%clk
0:54:27]} 29. Rd7 {[%clk 0:54:01]} Kf6 {[%clk 0:53:16]} 30. Rd6+ {[%clk 0:53:51]}
Kf7 {[%clk 0:53:30]} 31. a4 {[%clk 0:53:52]} g5 {[%clk 0:52:26]} 32. b5 {[%clk
0:54:02]} Rb6 {[%clk 0:52:49]} 33. Rxc6 {[%clk 0:54:11]} Rxc6 {[%clk 0:52:19]}
34. bxc6 {[%clk 0:54:35]} Ke7 {[%clk 0:52:44]} 35. Kb4 {[%clk 0:54:54]} Kd6
{[%clk 0:52:40]} 36. Kb5 {[%clk 0:52:11]} f4 {[%clk 0:52:30]} 37. Kb6 {[%clk
0:51:52]} e3 {[%clk 0:51:36]} 38. fxe3 {[%clk 0:52:13]} fxe3 {[%clk 0:52:02]} 39.
c7 {[%clk 0:52:36]} Kd7 {[%clk 0:49:20]} 40. Kb7 {[%clk 0:52:51]} e2 {[%clk
0:48:50]} 41. c8Q+ {[%clk 0:53:16]} Ke7 {[%clk 0:49:04]} 42. Qc7+ {[%clk
0:53:40]} Kf6 {[%clk 0:49:11]} 43. Qg3 {[%clk 0:53:52]} 1-0